000 00371nam a2200181Ia 4500
003 IT-RoPAU
008 120407s9999 xx 000 0 und d
040 _aIT-RoPAU
040 _cIT-RoPAU
100 _aFrancesco Spadafora
245 _aDizionario biblico
250 _aRoma
260 _aStudium
300 _c cm
490 _v1
942 _cBK
999 _c11927
_d11927